| 000 | 00418nam a22001577a 4500 | ||
|---|---|---|---|
| 005 | 20230706150535.0 | ||
| 008 | 230706b ||||| |||| 00| 0 eng d | ||
| 040 | _cAACR2 | ||
| 082 | _a005.133 TRI | ||
| 100 |
_aTrivedi, Bhushan _914569 |
||
| 245 | _aProgramming with ANSI C++ | ||
| 260 |
_aNew Delhi _bOxford University Press _c2023 |
||
| 300 | _aXIX, 623p. | ||
| 650 | _aProgramming languages | ||
| 942 |
_2ddc _cBK |
||
| 999 |
_c194522 _d194522 |
||